000 00641nam a2200205 a 4500
005 20140311163043.0
008 120904s19uu xx 00 eng d
020 _a9781562867546
050 _aHF 5549.5.M3
_b.T374 2011
245 _aThe executive guide to integrated talent management /
_cKevin Oakes and Pat Galagan, editors ; foreword by Tom Rath.
260 _aAlexandria, Va :
_bASTD Press,
_c2011.
300 _a258 p. :
_bill. ;
_c21 cm.
500 _aIncludes index
521 _aBSBA
650 _aCareer development
650 _aPersonnel management
700 _aGalagan, Pat
942 _cBK
_2lcc
_kFOR
999 _c39775
_d39775